Áruházat, éttermet, presszót avattak Tarjánban
Elmentve itt :
| Szerző: | |
|---|---|
| Dokumentumtípus: | Cikk |
| Megjelent: |
1974-10-11
|
| Sorozat: | Délmagyarország
64 No. 238 |
| Kulcsszavak: | Tarján, élelmiszer |
| Online Access: | http://dmarchiv.bibl.u-szeged.hu/102474 |
| LEADER | 00486nab a2200157 i 4500 | ||
|---|---|---|---|
| 001 | delm102474 | ||
| 005 | 20190409140324.0 | ||
| 008 | 190409s1974 hu o 0|| hun d | ||
| 040 | |a SZTE Délmagyarország Archívum |b hun | ||
| 041 | |a hun | ||
| 100 | 1 | |a Somogyi Károlyné | |
| 245 | 1 | 0 | |a Áruházat, éttermet, presszót avattak Tarjánban |h [elektronikus dokumentum] / |c Somogyi Károlyné |
| 260 | |c 1974-10-11 | ||
| 300 | |a 3 | ||
| 490 | 0 | |a Délmagyarország |v 64 No. 238 | |
| 695 | |a Tarján, élelmiszer | ||